000 00375 a2200169 4500
001 185788
020 _a85-08-07551-0
040 _cMagnum
100 _aBrezina, Thomas
240 1 0 _aCavalos assombrados
_lpor
245 1 0 _aCavalos assombrados
300 _a98
362 0 _a2000
440 1 _aÁtica
697 _aLITERATURA INFANTO-JUVENIL ESTRANGEIRA
942 _cBK
999 _c185788
_d185788